<?xml version="1.0" encoding="UTF-8"?>
<record
    xmlns:xsi="http://www.w3.org/2001/XMLSchema-instance"
    xsi:schemaLocation="http://www.loc.gov/MARC21/slim http://www.loc.gov/standards/marcxml/schema/MARC21slim.xsd"
    xmlns="http://www.loc.gov/MARC21/slim">

  <leader>01444nam1a22002651i 4500</leader>
  <controlfield tag="001">rc\3504419</controlfield>
  <controlfield tag="005">20260407123447.0</controlfield>
  <datafield tag="021" ind1=" " ind2=" ">
    <subfield code="a">RU</subfield>
    <subfield code="b">72-19142</subfield>
  </datafield>
  <datafield tag="021" ind1=" " ind2=" ">
    <subfield code="a">RU</subfield>
    <subfield code="b">72-19143</subfield>
  </datafield>
  <datafield tag="021" ind1=" " ind2=" ">
    <subfield code="a">RU</subfield>
    <subfield code="b">72-19144</subfield>
  </datafield>
  <datafield tag="021" ind1=" " ind2=" ">
    <subfield code="a">RU</subfield>
    <subfield code="b">&#x420;&#x413;6414-72</subfield>
  </datafield>
  <datafield tag="035" ind1=" " ind2=" ">
    <subfield code="a">(NLR Aleph) 007614651</subfield>
  </datafield>
  <datafield tag="090" ind1=" " ind2=" ">
    <subfield code="a">5854682</subfield>
    <subfield code="c">5854682</subfield>
  </datafield>
  <datafield tag="100" ind1=" " ind2=" ">
    <subfield code="a">20130115d1972    |||y0rusy50      ca</subfield>
  </datafield>
  <datafield tag="101" ind1="0" ind2=" ">
    <subfield code="a">rus</subfield>
  </datafield>
  <datafield tag="102" ind1=" " ind2=" ">
    <subfield code="a">RU</subfield>
  </datafield>
  <datafield tag="105" ind1=" " ind2=" ">
    <subfield code="a">y   z   |||||</subfield>
  </datafield>
  <datafield tag="200" ind1="1" ind2=" ">
    <subfield code="a">&#x411;&#x43E;&#x440;&#x44C;&#x431;&#x430; &#x441; &#x432;&#x43D;&#x435;&#x437;&#x430;&#x43F;&#x43D;&#x44B;&#x43C;&#x438; &#x432;&#x44B;&#x431;&#x440;&#x43E;&#x441;&#x430;&#x43C;&#x438; &#x443;&#x433;&#x43B;&#x44F;, &#x43F;&#x43E;&#x440;&#x43E;&#x434;&#x44B; &#x438; &#x433;&#x430;&#x437;&#x430;</subfield>
    <subfield code="e">VI &#x412;&#x441;&#x435;&#x441;&#x43E;&#x44E;&#x437;. &#x43D;&#x430;&#x443;&#x447;.-&#x442;&#x435;&#x445;&#x43D;. &#x441;&#x43E;&#x432;&#x435;&#x449;&#x430;&#x43D;&#x438;&#x435;, &#x433;. &#x414;&#x43E;&#x43D;&#x435;&#x446;&#x43A;</subfield>
    <subfield code="e">&#x422;&#x435;&#x437;&#x438;&#x441;&#x44B; &#x434;&#x43E;&#x43A;&#x43B;&#x430;&#x434;&#x43E;&#x432;...</subfield>
    <subfield code="f">&#x41C;-&#x432;&#x43E; &#x443;&#x433;&#x43E;&#x43B;&#x44C;&#x43D;&#x43E;&#x439; &#x43F;&#x440;&#x43E;&#x43C;-&#x441;&#x442;&#x438; &#x421;&#x421;&#x421;&#x420;. &#x41C;-&#x432;&#x43E; &#x443;&#x433;&#x43E;&#x43B;&#x44C;&#x43D;&#x43E;&#x439; &#x43F;&#x440;&#x43E;&#x43C;-&#x441;&#x442;&#x438; &#x423;&#x421;&#x421;&#x420;. &#x426;&#x435;&#x43D;&#x442;&#x440;. &#x43A;&#x43E;&#x43C;&#x438;&#x441;. &#x43F;&#x43E; &#x431;&#x43E;&#x440;&#x44C;&#x431;&#x435; &#x441; &#x432;&#x43D;&#x435;&#x437;&#x430;&#x43F;&#x43D;&#x44B;&#x43C;&#x438; &#x432;&#x44B;&#x431;&#x440;&#x43E;&#x441;&#x430;&#x43C;&#x438; &#x443;&#x433;&#x43B;&#x44F; &#x438; &#x433;&#x430;&#x437;&#x430;. &#x426;&#x435;&#x43D;&#x442;&#x440;. &#x43F;&#x440;&#x430;&#x432;&#x43B;. &#x43D;&#x430;&#x443;&#x447;.-&#x442;&#x435;&#x445;&#x43D;. &#x433;&#x43E;&#x440;&#x43D;&#x43E;&#x433;&#x43E; &#x43E;-&#x432;&#x430;. &#x410;&#x41D; &#x423;&#x421;&#x421;&#x420;. &#x423;&#x43A;&#x440;. &#x440;&#x435;&#x441;&#x43F;. &#x438; &#x414;&#x43E;&#x43D;&#x435;&#x446;&#x43A;&#x43E;&#x435; &#x442;&#x435;&#x440;&#x440;&#x438;&#x442;&#x43E;&#x440;. &#x43F;&#x440;&#x430;&#x432;&#x43B;. &#x41D;&#x430;&#x443;&#x447;.-&#x442;&#x435;&#x445;&#x43D;. &#x433;&#x43E;&#x440;&#x43D;&#x43E;&#x433;&#x43E; &#x43E;-&#x432;&#x430;</subfield>
  </datafield>
  <datafield tag="210" ind1=" " ind2=" ">
    <subfield code="a">&#x41C;&#x43E;&#x441;&#x43A;&#x432;&#x430;</subfield>
    <subfield code="c">&#x411;. &#x438;.</subfield>
    <subfield code="d">1972</subfield>
  </datafield>
  <datafield tag="215" ind1=" " ind2=" ">
    <subfield code="d">21</subfield>
  </datafield>
  <datafield tag="712" ind1="0" ind2="2">
    <subfield code="a">&#x426;&#x435;&#x43D;&#x442;&#x440;&#x430;&#x43B;&#x44C;&#x43D;&#x430;&#x44F; &#x43A;&#x43E;&#x43C;&#x438;&#x441;&#x441;&#x438;&#x44F; &#x43F;&#x43E; &#x431;&#x43E;&#x440;&#x44C;&#x431;&#x435; &#x441; &#x432;&#x43D;&#x435;&#x437;&#x430;&#x43F;&#x43D;&#x44B;&#x43C;&#x438; &#x432;&#x44B;&#x431;&#x440;&#x43E;&#x441;&#x430;&#x43C;&#x438; &#x443;&#x433;&#x43B;&#x44F; &#x438; &#x433;&#x430;&#x437;&#x430; &#x438; &#x433;&#x43E;&#x440;&#x43D;&#x44B;&#x43C;&#x438; &#x443;&#x434;&#x430;&#x440;&#x430;&#x43C;&#x438; &#x432; &#x443;&#x433;&#x43E;&#x43B;&#x44C;&#x43D;&#x44B;&#x445; &#x448;&#x430;&#x445;&#x442;&#x430;&#x445;</subfield>
    <subfield code="c">&#x41C;&#x43E;&#x441;&#x43A;&#x432;&#x430;</subfield>
    <subfield code="3">RU\NLR\AUTH\8810072784</subfield>
    <subfield code="9">647604</subfield>
  </datafield>
  <datafield tag="801" ind1=" " ind2="0">
    <subfield code="a">RU</subfield>
    <subfield code="b">NLR</subfield>
    <subfield code="g">psbo</subfield>
  </datafield>
  <datafield tag="801" ind1=" " ind2="1">
    <subfield code="a">RU</subfield>
    <subfield code="b">ELAR</subfield>
    <subfield code="2">rusmarc</subfield>
  </datafield>
  <datafield tag="852" ind1=" " ind2=" ">
    <subfield code="a">NLR</subfield>
    <subfield code="j">72-4/7397</subfield>
  </datafield>
  <datafield tag="942" ind1=" " ind2=" ">
    <subfield code="c">BOOK</subfield>
  </datafield>
</record>
